| 000 | 00349nam a2200133Ia 4500 | ||
|---|---|---|---|
| 008 | 240624s9999 xx 000 0 und d | ||
| 041 | _aeng | ||
| 082 | _a658.456 SON | ||
| 100 | _aSONG MIKE | ||
| 245 | _aHAMSTER REVOLUTION FOR MEETINGS HOW TO M | ||
| 260 |
_c2009 _aSan Francisco _bBerrett-Koehler Publishers |
||
| 300 | _a144 : p. | ||
| 365 |
_c _b25 |
||
| 999 |
_c21253 _d21253 |
||